Об одном подходе составления расписания учебных занятий в крупных вузах; Молодежь и современные информационные технологии

Xehetasun bibliografikoak
Parent link:Молодежь и современные информационные технологии.— 2006.— С. 35-36
Egile nagusia: Каликин К. А.
Hizkuntza:errusiera
Argitaratua: 2006
Gaiak:
Formatua: MixedMaterials Liburu kapitulua
KOHA link:https://koha.lib.tpu.ru/cgi-bin/koha/opac-detail.pl?biblionumber=108308

MARC

LEADER 00000naa2a2200000 4500
001 108308
005 20231031115603.0
035 |a (RuTPU)RU\TPU\book\116919 
090 |a 108308 
100 |a 20070118d2006 k y0rusy50 ca 
101 0 |a rus 
102 |a RU 
200 1 |a Об одном подходе составления расписания учебных занятий в крупных вузах  |f К. А. Каликин 
463 0 |0 (RuTPU)RU\TPU\book\108762  |t Молодежь и современные информационные технологии  |o сборник трудов IV Всероссийской научно-практической конференции студентов, аспирантов и молодых ученых, г. Томск, 28 февраля - 2 марта 2006 г.  |f Томский политехнический университет; Молодежь и современные информационные технологии  |v С. 35-36  |d 2006  |p 418 с. 
610 1 |a расписание занятий 
610 1 |a вузы 
610 1 |a учебные занятия 
610 1 |a составление расписания 
610 1 |a компьютерное представление 
610 1 |a алгоритмы 
610 1 |a методы 
610 1 |a труды учёных ТПУ 
700 1 |a Каликин  |b К. А. 
801 1 |a RU  |b 63413507  |c 20070118  |g PSBO 
801 2 |a RU  |b 63413507  |c 20090619  |g PSBO 
942 |c BK